Normal view
MARC view
- American Assiociation of State Highway
Entry Personal Name
001 - CONTROL NUMBER
- control field: 20001
003 - CONTROL NUMBER IDENTIFIER
- control field: NUST
005 - DATE AND TIME OF LATEST TRANSACTION
- control field: 20190905103150.0
008 - FIXED-LENGTH DATA ELEMENTS
- fixed length control field: 190905|| aca||aabn | a|a d
040 ## - CATALOGING SOURCE
- Original cataloging agency: NUST
- Transcribing agency: NUST
100 ## - HEADING--PERSONAL NAME
- Personal name: American Assiociation of State Highway
670 ## - SOURCE DATA FOUND
- Source citation: Work cat.: (NUST): American Assiociation of State Highway, An Information Guide for Roadway Lighting Traffic Noise, 1969
